[Event "ROM-ch"]
[Site "Eforie Nord"]
[Date "2024.02.29"]
[Round "7"]
[White "Stoleriu, George"]
[Black "Daianu, Cristian Clement"]
[Result "1/2-1/2"]
[WhiteElo "2391"]
[BlackElo "2201"]
[PlyCount "50"]
[EventDate "2024.02.24"]
[EventType "swiss"]
[EventRounds "9"]
[EventCountry "ROU"]
[SourceTitle "CB10_2024"]
[SourceDate "2024.03.06"]
[SourceVersion "1"]
[SourceVersionDate "2024.03.06"]
[SourceQuality "1"]

1. e4 c5 2. Nf3 d6 3. d4 cxd4 4. Nxd4 Nf6 5. Nc3 a6 6. h3 g6 7. Be3 Bg7 8. Qd2 0-0 9. 0-0-0 Nc6 10. f3 d5 11. exd5 Nxd5 12. Nxc6 bxc6 13. Nxd5 cxd5 14. Qxd5 Qc7 15. Qc5 Qb8 16. Qa3 Qg3 17. Rg1 Rb8 18. c3 Be6 19. Bd3 Rfc8 20. Bc2 Rb5 21. Qxe7 Qb8 22. Rd2 Bf8 23. Qf6 Bg7 24. Qe7 Bf8 25. Qf6 Bg7 1/2-1/2

[Event "Titled Tuesday intern op 23rd Jan Late"]
[Site "Chess.com INT"]
[Date "2024.01.23"]
[Round "2"]
[White "Stoleriu, George"]
[Black "Rustemov, Alexander"]
[Result "1/2-1/2"]
[WhiteElo "2391"]
[BlackElo "2525"]
[PlyCount "178"]
[EventDate "2024.01.23"]
[EventType "swiss (blitz)"]
[EventRounds "11"]
[EventCountry "USA"]
[SourceTitle "CB05_2024"]
[SourceDate "2024.01.31"]
[SourceVersion "1"]
[SourceVersionDate "2024.01.31"]
[SourceQuality "1"]

1. e4 e6 2. d4 d5 3. exd5 exd5 4. Nf3 Nc6 5. Bb5 Bd6 6. 0-0 Nge7 7. c4 dxc4 8. d5 a6 9. Ba4 b5 10. dxc6 bxa4 11. Nbd2 c3 12. Nc4 Be6 13. Qxa4 0-0 14. Rd1 Bd5 15. Nxd6 Qxd6 16. bxc3 Qxc6 17. Qxc6 Bxc6 18. Ne5 Rfd8 19. Ba3 Rxd1+ 20. Rxd1 Ba4 21. Rd4 Nc6 22. Nxc6 Bxc6 23. Rc4 Bd5 24. Rxc7 Bxa2 25. c4 a5 26. c5 h6 27. Kf1 Re8 28. g3 Bc4+ 29. Kg2 Bd5+ 30. Kh3 Re2 31. Rc8+ Kh7 32. Rd8 Be4 33. Rd4 Bf3 34. Rf4 Rxf2 35. c6 Bg2+ 36. Kg4 Rxf4+ 37. Kxf4 Bxc6 38. Ke5 Kg6 39. Kf4 a4 40. Bb2 f6 41. h4 Kf7 42. Ba3 Bb5 43. Bb4 Be2 44. Ke3 Bd1 45. Kf4 g5+ 46. hxg5 hxg5+ 47. Ke3 Ke6 48. Kd2 Bb3 49. Ke3 Bc2 50. Kd2 Bg6 51. Ke3 Be8 52. Kf2 Bd7 53. Ke3 Kd5 54. Be7 Ke5 55. Kd3 Ke6 56. Bb4 Kf5 57. Ke3 Kg4 58. Kf2 Bc6 59. Be7 Kf5 60. Ke3 Ke6 61. Bb4 f5 62. Ba3 Kd5 63. Be7 g4 64. Kd3 Bb5+ 65. Kc3 f4 66. gxf4 g3 67. Bh4 g2 68. Bf2 Ke4 69. Kb4 Bd7 70. Ka3 Kxf4 71. Ba7 Ke4 72. Kb2 Kd3 73. Ka1 Kc3 74. Bb6 Kb3 75. Ba7 Be6 76. Bb6 a3 77. Ba7 a2 78. Bb6 Kc2 79. Ba7 Kd3 80. Bb6 Ke4 81. Ba7 Kf3 82. Bb6 Ke2 83. Ba7 Kf1 84. Bb6 g1Q 85. Bxg1 Kxg1 86. Kb2 Kf1 87. Ka1 Ke2 88. Kb2 Kd1 89. Ka1 Kc2 1/2-1/2

[Event "Titled Tuesday intern op 29th Aug Late"]
[Site "Chess.com INT"]
[Date "2023.08.29"]
[Round "2"]
[White "Stoleriu, George"]
[Black "Todev, Simeon"]
[Result "0-1"]
[WhiteElo "2398"]
[BlackElo "1999"]
[PlyCount "55"]
[EventDate "2023.08.29"]
[EventType "swiss (blitz)"]
[EventRounds "11"]
[EventCountry "USA"]
[SourceTitle "EXT 2024"]
[Source "ChessBase"]
[SourceDate "2023.10.10"]
[SourceVersion "1"]
[SourceVersionDate "2023.10.10"]
[SourceQuality "1"]

1. b3 g6 2. Bb2 Nf6 3. Bxf6 exf6 4. e3 Bg7 5. d4 c5 6. Nf3 Nc6 7. Be2 cxd4 8. exd4 d5 9. 0-0 0-0 10. c3 Bg4 11. Nbd2 Re8 12. h3 Be6 13. Re1 Rc8 14. Rc1 Qa5 15. Qc2 b5 16. b4 Qb6 17. Qb2 Bf5 18. Nh4 Be4 19. f3 g5 20. fxe4 gxh4 21. exd5 Ne7 22. Bf3 Bh6 23. Ne4 Bxc1 24. Qxc1 Nxd5 25. Qh6 Rxc3 26. Rf1 Qxd4+ 27. Kh1 Rxe4 28. Rc1 0-1

[Event "Arad op 16th"]
[Site "Arad"]
[Date "2023.08.11"]
[Round "7"]
[White "Stoleriu, George"]
[Black "Daianu, Cristian Clement"]
[Result "1-0"]
[WhiteElo "2398"]
[BlackElo "2153"]
[PlyCount "167"]
[EventDate "2023.08.07"]
[EventType "swiss"]
[EventRounds "9"]
[EventCountry "ROU"]
[SourceTitle "EXT 2024"]
[Source "ChessBase"]
[SourceDate "2023.10.10"]
[SourceVersion "1"]
[SourceVersionDate "2023.10.10"]
[SourceQuality "1"]

1. e4 c5 2. f4 d5 3. Bb5+ Bd7 4. Bxd7+ Qxd7 5. d3 e6 6. Nf3 Nc6 7. Nc3 d4 8. Ne2 Bd6 9. 0-0 Nge7 10. Bd2 f6 11. c3 dxc3 12. Bxc3 Bc7 13. Qd2 0-0 14. Kh1 Rad8 15. Rad1 Ng6 16. Ne1 Qc8 17. Qe3 Qb8 18. Nc2 Rfe8 19. a4 b6 20. Qf3 e5 21. g3 b5 22. axb5 Qxb5 23. Na3 Qb3 24. Nc4 a5 25. Qe3 Nd4 26. f5 Nh8 27. Bxd4 exd4 28. Qd2 Nf7 29. Rc1 a4 30. g4 Qb8 31. Ng1 h6 32. Ra1 Qb5 33. Rfc1 Ra8 34. Nf3 Ng5 35. Qe2 Nh3 36. Rf1 Ng5 37. h4 Nf7 38. Nfd2 Ra6 39. Kg2 Qb8 40. Qd1 Bg3 41. Nf3 Rd8 42. Rxa4 Rxa4 43. Qxa4 h5 44. g5 Qf4 45. g6 Nh6 46. Nxd4 Qxh4 47. Nf3 Qg4 48. Ne3 Qf4 49. Nd5 Qg4 50. Ne3 Qf4 51. Qc4+ Kh8 52. Nd5 Qg4 53. Ne3 Qf4 54. Qxc5 Bh4 55. Nxh4 Qxh4 56. Nd5 Qg5+ 57. Kf3 Qg4+ 58. Kf2 Qh4+ 59. Ke2 Rb8 60. b4 Ra8 61. Kd2 Qh2+ 62. Kc3 Ra3+ 63. Kc4 Qc2+ 64. Kb5 Qa4+ 65. Kc4 Qc2+ 66. Kb5 Qa4+ 67. Kb6 Qa7+ 68. Kc6 Qa8+ 69. Kd7 Ra7+ 70. Nc7 Ng4 71. d4 Qb8 72. Rh1 Nh6 73. Rxh5 Rb7 74. Rxh6+ gxh6 75. Qd6 Rb6 76. Qe7 Qg8 77. d5 h5 78. d6 h4 79. Qxf6+ Qg7+ 80. Qxg7+ Kxg7 81. Ne6+ Kf6 82. e5+ Kxf5 83. g7 Rb8 84. Nd8 1-0

[Event "Arad op 16th"]
[Site "Arad"]
[Date "2023.08.10"]
[Round "6"]
[White "Nastase, Robert Paul"]
[Black "Stoleriu, George"]
[Result "1/2-1/2"]
[WhiteElo "2214"]
[BlackElo "2398"]
[PlyCount "57"]
[EventDate "2023.08.07"]
[EventType "swiss"]
[EventRounds "9"]
[EventCountry "ROU"]
[SourceTitle "EXT 2024"]
[Source "ChessBase"]
[SourceDate "2023.10.10"]
[SourceVersion "1"]
[SourceVersionDate "2023.10.10"]
[SourceQuality "1"]

1. e4 e6 2. d4 d5 3. Nc3 Bb4 4. e5 c5 5. a3 Ba5 6. b4 cxd4 7. Nb5 Bc7 8. f4 Bd7 9. Qg4 g6 10. Nf3 Bxb5 11. Bxb5+ Nc6 12. f5 h5 13. Qg3 exf5 14. Nxd4 Qd7 15. Bf4 Kf8 16. Qc3 Bb6 17. Nxc6 bxc6 18. Bxc6 Qc7 19. Kd1 Rc8 20. b5 Qe7 21. Qd2 g5 22. Bxg5 Qxe5 23. Rb1 Nf6 24. Bxf6 Qxf6 25. Bxd5 Rc3 26. Rb3 Rxb3 27. cxb3 Qa1+ 28. Qc1 Qd4+ 29. Qd2 1/2-1/2

[Event "Iasi Sadoveanu Memorial"]
[Site "Iasi"]
[Date "2023.08.02"]
[Round "3"]
[White "Mogirzan, Matei Valeriu"]
[Black "Stoleriu, George"]
[Result "0-1"]
[WhiteElo "1813"]
[BlackElo "2398"]
[PlyCount "66"]
[EventDate "2023.08.01"]
[EventType "swiss"]
[EventRounds "9"]
[EventCountry "ROU"]
[SourceTitle "CBM 215 Extra"]
[Source "ChessBase"]
[SourceDate "2023.09.30"]
[SourceVersion "1"]
[SourceVersionDate "2023.09.30"]
[SourceQuality "1"]

1. d4 Nf6 2. e3 g6 3. Be2 Bg7 4. Nf3 d6 5. c4 0-0 6. Nc3 Nbd7 7. Qc2 e5 8. 0-0 c6 9. b4 Qc7 10. Bb2 Re8 11. Rac1 a5 12. b5 exd4 13. exd4 Nh5 14. Qd2 Ndf6 15. h3 Qe7 16. Nh2 Qf8 17. g4 Bh6 18. g5 Rxe2 19. Nxe2 Ne4 20. Qd3 Nxg5 21. Ng4 Bf5 22. Qe3 Bxg4 23. hxg4 Qc8 24. f4 Qxg4+ 25. Kh2 Qh4+ 26. Kg2 Ne6 27. Rh1 Qg4+ 28. Kf2 Nexf4 29. Rcg1 Qf5 30. Nxf4 Bxf4 31. Qf3 Qc2+ 32. Qe2 Bg3+ 33. Kf3 Qf5+ 0-1

[Event "Iasi Sadoveanu Memorial"]
[Site "Iasi"]
[Date "2023.08.02"]
[Round "2"]
[White "Stoleriu, George"]
[Black "Pop, Sebastian Stefan"]
[Result "1-0"]
[WhiteElo "2398"]
[BlackElo "1589"]
[PlyCount "115"]
[EventDate "2023.08.01"]
[EventType "swiss"]
[EventRounds "9"]
[EventCountry "ROU"]
[SourceTitle "CBM 215 Extra"]
[Source "ChessBase"]
[SourceDate "2023.09.30"]
[SourceVersion "1"]
[SourceVersionDate "2023.09.30"]
[SourceQuality "1"]

1. e4 c6 2. Nf3 d5 3. d3 dxe4 4. dxe4 Qxd1+ 5. Kxd1 Nf6 6. Nfd2 g6 7. a4 Bg7 8. f3 Be6 9. Bc4 Bxc4 10. Nxc4 Nbd7 11. Be3 0-0 12. Nbd2 Ne8 13. c3 Nc7 14. Kc2 c5 15. Nb3 b6 16. Rhd1 Rfd8 17. Bf4 Ne6 18. Bg3 Nf6 19. Ne5 Rac8 20. Rxd8+ Nxd8 21. Rd1 Nh5 22. Nc4 Nxg3 23. hxg3 Nc6 24. Rd7 Kf8 25. Rb7 Ra8 26. a5 Nd8 27. Rc7 Ne6 28. Rb7 Nd8 29. Rd7 Ke8 30. Rd1 b5 31. Ne3 Rc8 32. a6 Rc6 33. Nd5 e6 34. Na5 exd5 35. Nxc6 Nxc6 36. exd5 Ne5 37. b3 Kd7 38. Rh1 h6 39. Ra1 Kc7 40. Re1 Kd7 41. Re2 Bh8 42. Re4 Bg7 43. Kd2 Kd6 44. f4 Kxd5 45. Re2 Nc6 46. Re8 h5 47. Rc8 Kd6 48. Kd3 Kd7 49. Ra8 Bf6 50. c4 b4 51. Ke4 Bd8 52. Kd5 Bb6 53. Rf8 Ke7 54. Rc8 Nd4 55. Rb8 Ne6 56. Rb7+ Ke8 57. Kd6 Nd8 58. Rxb6 1-0

[Event "Iasi Sadoveanu Memorial"]
[Site "Iasi"]
[Date "2023.08.01"]
[Round "1"]
[White "Birladeanu, Alexandru"]
[Black "Stoleriu, George"]
[Result "0-1"]
[WhiteElo "1292"]
[BlackElo "2398"]
[PlyCount "62"]
[EventDate "2023.08.01"]
[EventType "swiss"]
[EventRounds "9"]
[EventCountry "ROU"]
[SourceTitle "CBM 215 Extra"]
[Source "ChessBase"]
[SourceDate "2023.09.30"]
[SourceVersion "1"]
[SourceVersionDate "2023.09.30"]
[SourceQuality "1"]

1. e4 c5 2. Nf3 a6 3. c3 e6 4. d4 d5 5. e5 Bd7 6. Be3 cxd4 7. cxd4 Qb6 8. Qc2 Nc6 9. a3 Rc8 10. Nc3 Na5 11. Be2 Ne7 12. 0-0 Nf5 13. Rad1 Be7 14. Bd3 Nxe3 15. fxe3 Nc4 16. Bxc4 Rxc4 17. Nd2 Rc8 18. Rf3 0-0 19. Rh3 g6 20. Rf1 f5 21. Qb3 Qxb3 22. Nxb3 Rc7 23. Ra1 b6 24. Rf3 g5 25. Rff1 Kg7 26. Rac1 Rfc8 27. Ne2 Rc2 28. Rxc2 Rxc2 29. Rc1 Rxe2 30. Rc7 Rxb2 31. Rxd7 Kf8 0-1

[Event "Brasov GP RO"]
[Site "Brasov"]
[Date "2023.07.19"]
[Round "6"]
[White "Stoleriu, George"]
[Black "Daianu, Cristian Clement"]
[Result "1-0"]
[WhiteElo "2390"]
[BlackElo "2153"]
[PlyCount "157"]
[EventDate "2023.07.16"]
[EventType "swiss"]
[EventRounds "9"]
[EventCountry "ROU"]
[SourceTitle "CBM 215 Extra"]
[Source "ChessBase"]
[SourceDate "2023.09.30"]
[SourceVersion "1"]
[SourceVersionDate "2023.09.30"]
[SourceQuality "1"]

1. e4 c5 2. b3 d6 3. Bb2 Nc6 4. Bb5 Bd7 5. f4 Nf6 6. Bxc6 Bxc6 7. d3 g6 8. Nf3 Bg7 9. 0-0 0-0 10. c4 e6 11. Qe2 b5 12. Nbd2 bxc4 13. dxc4 a5 14. a4 Qb6 15. Kh1 Qb7 16. Rae1 d5 17. cxd5 exd5 18. Bxf6 Bxf6 19. e5 Bg7 20. Rc1 Qe7 21. Qf2 d4 22. Nxd4 Bxg2+ 23. Kxg2 cxd4 24. Qxd4 Rfd8 25. Qe3 Rd7 26. Ne4 Rad8 27. Nf2 f6 28. e6 Rd6 29. Rfe1 Re8 30. Qf3 Rxe6 31. Qd5 Qf7 32. Rxe6 Qxe6 33. Qb5 f5 34. Rc6 Qe3 35. Rd6 Rf8 36. Qc4+ Kh8 37. Rd5 Qc3 38. Qxc3 Bxc3 39. Nd1 Bb4 40. Ne3 Re8 41. Kf3 Kg7 42. Rd7+ Re7 43. Rd1 Bc5 44. Nc4 Bb4 45. Rd5 Re1 46. Nxa5 Rb1 47. Nc6 Rxb3+ 48. Ke2 Rb2+ 49. Kd1 Bf8 50. a5 Ra2 51. Kc1 g5 52. fxg5 f4 53. Kb1 Ra4 54. Rf5 Bd6 55. h4 Rc4 56. Nd8 Rb4+ 57. Kc2 f3 58. h5 Ra4 59. Kd3 Ra3+ 60. Kc4 f2 61. Kb5 Rxa5+ 62. Kxa5 Bc7+ 63. Kb4 Bxd8 64. Kc4 Bxg5 65. Rxf2 Kh6 66. Rh2 Bf4 67. Rh1 Kg5 68. Kd5 h6 69. Ke6 Bd2 70. Rd1 Be3 71. Rd5+ Kg4 72. Kf6 Kf4 73. Kg6 Ke4 74. Rd6 Bf4 75. Re6+ Kd5 76. Rf6 Be3 77. Rf8 Bc1 78. Rc8 Be3 79. Rd8+ 1-0

[Event "Titled Tuesday intern op 04th Jul Late"]
[Site "Chess.com INT"]
[Date "2023.07.04"]
[Round "8"]
[White "Moral Garcia, Serafin"]
[Black "Stoleriu, George"]
[Result "0-1"]
[WhiteElo "2240"]
[BlackElo "2390"]
[PlyCount "110"]
[EventDate "2023.07.04"]
[EventType "swiss (blitz)"]
[EventRounds "11"]
[EventCountry "USA"]
[SourceTitle "EXT 2024"]
[Source "ChessBase"]
[SourceDate "2023.10.10"]
[SourceVersion "1"]
[SourceVersionDate "2023.10.10"]
[SourceQuality "1"]

1. e4 e6 2. d4 d5 3. Nd2 Be7 4. c3 c5 5. exd5 Qxd5 6. Ngf3 Nc6 7. Bc4 Qd7 8. Nb3 cxd4 9. Nbxd4 Nf6 10. 0-0 0-0 11. Nxc6 Qxc6 12. Bb3 Qc7 13. Bg5 Bd7 14. Re1 Bc6 15. Nd4 Rad8 16. Qe2 Bd5 17. Bc2 h6 18. Bh4 Rfe8 19. Qd3 g6 20. Bg3 Qb6 21. b3 Kg7 22. Rad1 Rd7 23. c4 Bc6 24. Qc3 Red8 25. Nxc6 Rxd1 26. Rxd1 Rxd1+ 27. Bxd1 Qxc6 28. Bf3 Qb6 29. h3 Kg8 30. Qe5 Nd7 31. Qc7 Qxc7 32. Bxc7 b6 33. Bc6 Nf6 34. Bb8 a5 35. Bc7 Bc5 36. Kf1 Kf8 37. Ke2 Ke7 38. f3 Nh5 39. g4 Nf6 40. Bf4 g5 41. Bd2 Kd6 42. Bb7 Kc7 43. Ba8 Kb8 44. Be4 Nxe4 45. fxe4 Kc7 46. Bc3 Bf8 47. a3 Bxa3 48. Bg7 Be7 49. Bxh6 Kd6 50. Bg7 f6 51. Ke3 e5 52. Kd3 Ke6 53. h4 Kf7 54. Bh6 Kg6 55. hxg5 fxg5 0-1

[Event "Titled Tuesday intern op 27th Jun Late"]
[Site "Chess.com INT"]
[Date "2023.06.27"]
[Round "9"]
[White "Bornholdt, Joa Max"]
[Black "Stoleriu, George"]
[Result "0-1"]
[WhiteElo "2260"]
[BlackElo "2390"]
[PlyCount "64"]
[EventDate "2023.06.27"]
[EventType "swiss (blitz)"]
[EventRounds "11"]
[EventCountry "USA"]
[SourceTitle "EXT 2024"]
[Source "ChessBase"]
[SourceDate "2023.10.10"]
[SourceVersion "1"]
[SourceVersionDate "2023.10.10"]
[SourceQuality "1"]

1. e4 e6 2. d4 d5 3. Nd2 Be7 4. Bd3 c5 5. c3 Nc6 6. Ngf3 cxd4 7. cxd4 dxe4 8. Nxe4 Nf6 9. 0-0 0-0 10. Nc3 h6 11. a3 b6 12. Bc2 a5 13. Re1 Ba6 14. Be3 Rc8 15. Qd2 Ng4 16. Bf4 Bd6 17. Rad1 Ne7 18. Bb1 Bxf4 19. Qxf4 Nf6 20. Ne4 Ned5 21. Qh4 Nxe4 22. Qxe4 Nf6 23. Qh4 Qd5 24. Ne5 Rfd8 25. Rd2 Rc7 26. Qg3 Rdc8 27. h4 Rc1 28. Red1 Be2 29. Rxc1 Rxc1+ 30. Kh2 Rxb1 31. Rxe2 Qxd4 32. Nc6 Ng4+ 0-1

[Event "Titled Tuesday intern op 27th Jun Late"]
[Site "Chess.com INT"]
[Date "2023.06.27"]
[Round "3"]
[White "Kovalevsky, Stanislav"]
[Black "Stoleriu, George"]
[Result "0-1"]
[WhiteElo "2226"]
[BlackElo "2390"]
[PlyCount "138"]
[EventDate "2023.06.27"]
[EventType "swiss (blitz)"]
[EventRounds "11"]
[EventCountry "USA"]
[SourceTitle "EXT 2024"]
[Source "ChessBase"]
[SourceDate "2023.10.10"]
[SourceVersion "1"]
[SourceVersionDate "2023.10.10"]
[SourceQuality "1"]

1. c4 e5 2. Nc3 Nc6 3. g3 g6 4. Bg2 Bg7 5. h4 h5 6. d3 d6 7. Nf3 Bg4 8. Nd5 Nge7 9. Bg5 0-0 10. Nf6+ Kh8 11. Qd2 Bxf3 12. Bxf3 Nd4 13. Bxb7 Rb8 14. Bg2 Ne6 15. g4 c6 16. gxh5 Qc7 17. hxg6 fxg6 18. Ng4 e4 19. Rb1 exd3 20. Qxd3 Nf4 21. Bxf4 Rxf4 22. Bf3 Qa5+ 23. Kf1 Qf5 24. Qxf5 gxf5 25. Ne3 Rxb2 26. Rxb2 Bxb2 27. h5 Rd4 28. Ke1 Bc3+ 29. Kf1 Rd2 30. h6 Bd4 31. Kg2 Bxe3 32. fxe3 Rxa2 33. Rh5 Rc2 34. Rg5 Rxc4 35. Rg7 Ng8 36. Rxa7 Nxh6 37. Rc7 Ng4 38. Rxc6 Nxe3+ 39. Kg3 f4+ 40. Kf2 Rd4 41. Rc7 Rd1 42. Bg2 Nf5 43. Be4 Ng3 44. Bf3 Rf1+ 45. Kg2 Re1 46. Kh3 Nxe2 47. Bxe2 Rxe2 48. Kg4 Re4 49. Rd7 Rd4 50. Kf3 Kg8 51. Kg4 Kf8 52. Ra7 Ke8 53. Kf3 Rc4 54. Kg4 d5 55. Kf3 Re4 56. Rb7 Rd4 57. Ra7 Rc4 58. Rb7 Kd8 59. Rh7 Re4 60. Ra7 Re7 61. Rxe7 Kxe7 62. Kxf4 Kd6 63. Kf3 Kc5 64. Ke3 Kc4 65. Ke2 Kc3 66. Ke1 Kc2 67. Ke2 d4 68. Kf3 d3 69. Ke4 d2 0-1

[Event "Titled Tuesday intern op 27th Jun Late"]
[Site "Chess.com INT"]
[Date "2023.06.27"]
[Round "10"]
[White "Stoleriu, George"]
[Black "Harshavardhan, GB."]
[Result "0-1"]
[WhiteElo "2390"]
[BlackElo "2408"]
[PlyCount "80"]
[EventDate "2023.06.27"]
[EventType "swiss (blitz)"]
[EventRounds "11"]
[EventCountry "USA"]
[SourceTitle "EXT 2024"]
[Source "ChessBase"]
[SourceDate "2023.10.10"]
[SourceVersion "1"]
[SourceVersionDate "2023.10.10"]
[SourceQuality "1"]

1. e4 e5 2. Nf3 Nc6 3. Bb5 a6 4. Ba4 d6 5. c3 f5 6. exf5 Bxf5 7. 0-0 Bd3 8. Re1 Be7 9. Re3 e4 10. Nd4 Qd7 11. Nxc6 bxc6 12. Bc2 Bxc2 13. Qxc2 d5 14. d3 Nf6 15. Nd2 Bc5 16. Re2 0-0 17. dxe4 Ng4 18. Nf3 dxe4 19. Nd4 Qd6 20. g3 Rae8 21. Be3 Qg6 22. Rd1 Ne5 23. Kh1 Bxd4 24. Bxd4 Nf3 25. h4 Qg4 26. Kg2 Nxh4+ 27. Kh2 Nf3+ 28. Kg2 Nh4+ 29. Kh2 Rf5 30. Rh1 Rh5 31. Qb3+ Re6 32. Qb8+ Kf7 33. Qxc7+ Re7 34. Qf4+ Nf5+ 35. Kg1 Qxe2 36. Rxh5 Qxh5 37. g4 Qg6 38. Kf1 e3 39. gxf5 e2+ 40. Ke1 Qg1+ 0-1

[Event "Titled Tuesday intern op 27th Jun Late"]
[Site "Chess.com INT"]
[Date "2023.06.27"]
[Round "1"]
[White "Stoleriu, George"]
[Black "Montes Orozco, Miguel Angel"]
[Result "1-0"]
[WhiteElo "2390"]
[BlackElo "2045"]
[PlyCount "83"]
[EventDate "2023.06.27"]
[EventType "swiss (blitz)"]
[EventRounds "11"]
[EventCountry "USA"]
[SourceTitle "EXT 2024"]
[Source "ChessBase"]
[SourceDate "2023.10.10"]
[SourceVersion "1"]
[SourceVersionDate "2023.10.10"]
[SourceQuality "1"]

1. e4 e5 2. Nf3 Nc6 3. Bb5 a6 4. Ba4 Nf6 5. d3 b5 6. Bb3 Be7 7. 0-0 0-0 8. Re1 d6 9. c3 Bb7 10. Nbd2 Re8 11. Nf1 Bf8 12. Ng3 g6 13. Ng5 Re7 14. Qf3 Bg7 15. h4 h5 16. Nf1 Na5 17. Bc2 c5 18. Ne3 Bc8 19. b4 cxb4 20. cxb4 Nc6 21. a3 Nd4 22. Qd1 Ng4 23. Bb1 Ne6 24. Nd5 Re8 25. Ba2 Ra7 26. f3 Nf6 27. Be3 Nd4 28. Rc1 Be6 29. Bxd4 exd4 30. Nxe6 fxe6 31. Nf4 Kh7 32. Nxe6 Qe7 33. Ng5+ Kh8 34. Bf7 Rf8 35. Bxg6 Bh6 36. Qd2 Qg7 37. Bf5 Nh7 38. Bxh7 Qxh7 39. Nxh7 Bxd2 40. Nxf8 Bxe1 41. Rxe1 Re7 42. Ng6+ 1-0

[Event "Titled Tuesday intern op 27th Jun Late"]
[Site "Chess.com INT"]
[Date "2023.06.27"]
[Round "7"]
[White "Stoleriu, George"]
[Black "Xiong, Jeffery"]
[Result "0-1"]
[WhiteElo "2390"]
[BlackElo "2692"]
[PlyCount "84"]
[EventDate "2023.06.27"]
[EventType "swiss (blitz)"]
[EventRounds "11"]
[EventCountry "USA"]
[SourceTitle "EXT 2024"]
[Source "ChessBase"]
[SourceDate "2023.10.10"]
[SourceVersion "1"]
[SourceVersionDate "2023.10.10"]
[SourceQuality "1"]

1. e4 c5 2. Nc3 Nc6 3. Bb5 Nd4 4. Bc4 e6 5. Nge2 Ne7 6. Nxd4 cxd4 7. Ne2 Nc6 8. d3 a6 9. a4 b6 10. 0-0 Bb7 11. f4 Be7 12. Qe1 0-0 13. Qg3 f5 14. exf5 Rxf5 15. Qh3 Kh8 16. Ng3 Rf8 17. f5 d5 18. Bb3 e5 19. Nh5 Qd6 20. Bd2 Rf7 21. Rf2 Rc8 22. Raf1 Na5 23. f6 gxf6 24. Bg5 Rcf8 25. Nxf6 Rxf6 26. Bxf6+ Rxf6 27. Rxf6 Bxf6 28. Qh6 Be7 29. Qh5 Qe6 30. Rf7 h6 31. Rf3 Bc6 32. Rf5 Bd6 33. Qf3 Nxb3 34. Rf6 Qe7 35. Rf7 Qg5 36. cxb3 e4 37. Qh3 Qe3+ 38. Qxe3 dxe3 39. d4 b5 40. Rf6 Bb4 41. Kf1 Bd7 42. Rxa6 Bg4 0-1

[Event "Titled Tuesday intern op 20th Jun Late"]
[Site "Chess.com INT"]
[Date "2023.06.20"]
[Round "2"]
[White "Dilmukhametov, Artur"]
[Black "Stoleriu, George"]
[Result "1-0"]
[WhiteElo "2276"]
[BlackElo "2390"]
[PlyCount "63"]
[EventDate "2023.06.20"]
[EventType "swiss (blitz)"]
[EventRounds "11"]
[EventCountry "USA"]
[SourceTitle "EXT 2024"]
[Source "ChessBase"]
[SourceDate "2023.10.10"]
[SourceVersion "1"]
[SourceVersionDate "2023.10.10"]
[SourceQuality "1"]

1. e4 e6 2. d4 d5 3. Nd2 Be7 4. Bd3 c6 5. Ngf3 Nf6 6. e5 Nfd7 7. h4 c5 8. c3 Nc6 9. a3 Qb6 10. 0-0 cxd4 11. cxd4 Nxd4 12. Nxd4 Qxd4 13. Nf3 Qb6 14. b4 Qd8 15. h5 h6 16. Bf4 0-0 17. Rc1 f5 18. exf6 Rxf6 19. Bc7 Qf8 20. Bb1 Qf7 21. Qd3 Nf8 22. Be5 Rf5 23. Rc7 Bd7 24. Rxb7 Qxh5 25. Bg3 Bf6 26. Qa6 Rxf3 27. gxf3 Qxf3 28. Rxd7 h5 29. Rxa7 Rc8 30. Qxc8 h4 31. Ra8 hxg3 32. Qxf8# 1-0

[Event "Titled Tuesday intern op 20th Jun Late"]
[Site "Chess.com INT"]
[Date "2023.06.20"]
[Round "1"]
[White "Stoleriu, George"]
[Black "Melikhov, Evgeny V"]
[Result "1-0"]
[WhiteElo "2390"]
[BlackElo "2271"]
[PlyCount "47"]
[EventDate "2023.06.20"]
[EventType "swiss (blitz)"]
[EventRounds "11"]
[EventCountry "USA"]
[SourceTitle "EXT 2024"]
[Source "ChessBase"]
[SourceDate "2023.10.10"]
[SourceVersion "1"]
[SourceVersionDate "2023.10.10"]
[SourceQuality "1"]

1. e4 e5 2. Nf3 Nc6 3. Bb5 a6 4. Ba4 Nf6 5. d3 b5 6. Bb3 Be7 7. 0-0 d6 8. c3 0-0 9. Re1 Bb7 10. Nbd2 Na5 11. Bc2 c5 12. Nf1 Re8 13. Ng3 Bf8 14. Nf5 d5 15. Bg5 h6 16. Bh4 g5 17. Nxg5 hxg5 18. Bxg5 Qb6 19. Re3 Bc8 20. Bxf6 Qxf6 21. Rg3+ Kh7 22. Qh5+ Bh6 23. Nxh6 Qxh6 24. Qxf7+ 1-0